000 00601nam a2200217Ia 4500
999 _c3086
_d3086
020 _a81-7223-562-3
082 _aRR 920 NAN-;
100 _aNanda, S.M.
245 0 _aAdmiral S.M. Nanda: the man who bombed Karachi:a memoir
260 _aNew Delhi
_bHarperCollins Publishers India
_c2004
300 _a320p.
504 _aIncludes index
650 _aNanda, S.M. - Biography
650 _aNavies - India
650 _aBangladesh - History - Revolution - 1971
650 _aPakistan
650 _aAutobiography
650 _aMemory
650 _aIndia-Pakistan conflict - 1971
942 _cBK